La física del átomo (Record no. 177782)

MARC details
000 -LEADER
campo de control de longitud fija 00767nam a22002175i 4500
001 - NÚMERO DE CONTROL
campo de control 177782
003 - IDENTIFICADOR DE NÚMERO DE CONTROL
campo de control ES-MaACL
005 - FECHA Y HORA DE LA ÚLTIMA TRANSACCIÓN
campo de control 20231205142506.0
008 - DATOS DE LONGITUD FIJA--INFORMACIÓN GENERAL
campo de control de longitud fija 110426s1934 sp a |||| | spa d
080 ## - NÚMERO DE LA CLASIFICACIÓN DECIMAL UNIVERSAL
Número de la Clasificación Decimal Universal 544.11
100 1# - ENTRADA PRINCIPAL--NOMBRE DE PERSONA
Nombre de persona March, Arthur.
9 (RLIN) 76389
245 13 - MENCIÓN DEL TÍTULO
Título La física del átomo
Resto del título : iniciación en las nuevas teorías /
Mención de responsabilidad, etc. Arthur March ; traducción del alemán por X. Zubiri.
260 ## - PUBLICACIÓN, DISTRIBUCIÓN, ETC.
Lugar de publicación, distribución, etc. Madrid :
Nombre del editor, distribuidor, etc. Revista de Occidente,
Fecha de publicación, distribución, etc. [1934]
300 ## - DESCRIPCIÓN FÍSICA
Extensión 327 p. :
Otras características físicas il. ;
Dimensiones 18 cm.
490 1# - MENCIÓN DE SERIE
Mención de serie Nuevos hechos, nuevas ideas ;
Designación de volumen o secuencia 38
650 04 - PUNTO DE ACCESO ADICIONAL DE MATERIA--TÉRMINO DE MATERIA
Término de materia o nombre geográfico como elemento de entrada Teoría atómica.
9 (RLIN) 136921
700 1# - ENTRADA AGREGADA--NOMBRE PERSONAL
Nombre de persona Zubiri, Xavier,
Fechas asociadas al nombre 1898-1983
9 (RLIN) 118406
830 1# - PUNTO DE ACCESO ADICIONAL DE SERIE-TÍTULO UNIFORME
Título uniforme Nuevos hechos, nuevas ideas ;
Designación de volumen o secuencia 38
9 (RLIN) 184426
852 ## - LOCALIZACIÓN
Ubicación ES-MaACL
Número de control de estantería E-14988
Encuadernación Olim P-209
Holdings
Estatus retirado Estado de pérdida Estado de daño No para préstamo Biblioteca de origen Biblioteca actual Ubicación en estantería Fecha de adquisición Fuente de adquisición Total de préstamos Signatura topográfica completa Código de barras Visto por última vez Precio de reemplazo Tipo de ítem Koha
        Biblioteca del Ateneo de Madrid Biblioteca del Ateneo de Madrid Depósito 2 26/04/2011     E-14988 1186766 23/02/2023 23/02/2023 Libro impreso